Normal view
MARC view
Entry Topical Term
001 - CONTROL NUMBER
- control field: 5523
003 - CONTROL NUMBER IDENTIFIER
- control field: HDC
005 - DATE AND TIME OF LATEST TRANSACTION
- control field: 20230624073216.0
008 - FIXED-LENGTH DATA ELEMENTS
- fixed length control field: 210119|| aca||aabn | a|a d
040 ## - CATALOGING SOURCE
- Original cataloging agency: HDC
- Transcribing agency: HDC
150 ## - HEADING--TOPICAL TERM
- Topical term or geographic name entry element: Meat safety
670 ## - SOURCE DATA FOUND
- Source citation: Work cat.: (HDC): FUNG, DANIEL Y. C., author 5522, Meat Safety /, 2001
